000 00626nam a2200217 i 4500
001 34483
003 ES-MaACL
005 20250804054020.0
007 t|
008 030207s1968 sp ||||1| spa d
080 _a248.1
100 1 _aBoneta Senosiain, Jacinto.
_930141
245 1 0 _aCristianos sin fronteras /
_cJacinto Boneta Senosiain.
260 _a[Bilbao] :
_bDesclée de Brouwer,
_c[1968]
300 _a254 p. ;
_c19 cm.
490 1 _aPosconcilio ;
_v4
650 1 7 _aVida cristiana
_2embne
_917790
830 0 _aPosconcilio ;
_v4
_9184363
852 _aES-MaACL
_jC-56809
_bR.67457
999 _c34483
_d34483